Héros Grecs : Héraclès - Statistiques

Statistiques générales
  • Ce quiz a été pris 38 fois
    35 depuis la dernière actualisation
  • Le résultat moyen est 12 sur 33
Statistiques - réponses
Hint Réponse % Correct
Déesse ordonnant les travaux Héra
96%
Père ce de dernier Zeus
96%
Chien à trois têtes Cerbère
88%
Héros des 12 travaux : Héraclès
88%
Dieu, maître des Enfers Hadès
77%
Lion de… Némée
73%
Déesse protectrice de la biche Artémis
62%
Hydre de… Lerne
62%
Titan, père de celles-ci Atlas
50%
Réputé pour ses écuries Augias
46%
Oiseaux du lac… Stymphale
38%
Nymphes aux pommes d’or Hespérides
35%
Reine des Amazones Hippolyte
35%
Premier conjoint Mégara
35%
Mère de ce dernier Alcmène
31%
Biche de… Cérynie
27%
Taureau de… Crète
27%
Sanglier d’… Érymanthe
27%
Réputé pour ses juments Diomède
23%
Héros libéré par ce dernier Thésée
23%
Géant à trois bustes Géryon
19%
Commandeur des travaux Eurysthée
15%
Beau-père de ce dernier Amphitryon
12%
Deuxième conjoint Déjanire
12%
Neveu de ce dernier Iolaos
12%
Chien à deux têtes Orthos
12%
Troisième Conjoint Hébé
8%
Dieu a qui appartient les bœufs Hélios
8%
Demi-frère de ce dernier Iphiclès
8%
Dragon protégeant leur jardin Ladon
8%
Centaure enlevant sa femme Nessos
8%
Reine de Lydie Omphale
8%
Ami de ce dernier, Argonaute Hyllas
4%
Aucun quiz correspondant
Distribution des résultats
% des personnes avec chaque résultat
Percentile par nombre de réponses
Votre historique - résultats
Vous n’avez pas pris ce quiz depuis la dernière actualisation